<?xml version="1.0" encoding="UTF-8"?>
<collection xmlns="http://www.loc.gov/MARC21/slim">
 <record>
  <leader>00805pamaa2200229   4500</leader>
  <controlfield tag="001">0000052845</controlfield>
  <controlfield tag="005">20140806090000.0</controlfield>
  <controlfield tag="008">140806</controlfield>
  <datafield tag="020" ind1="0" ind2="0">
   <subfield code="a">9789670498645 </subfield>
  </datafield>
  <datafield tag="090" ind1="0" ind2="0">
   <subfield code="a">KD2870 </subfield>
   <subfield code="b">ZAI 2013</subfield>
  </datafield>
  <datafield tag="100" ind1="1" ind2="0">
   <subfield code="a">ZAID Hamzah </subfield>
  </datafield>
  <datafield tag="245" ind1="1" ind2="0">
   <subfield code="a">Media and entertainment : </subfield>
   <subfield code="b">a practical legal, business and strategy guide  </subfield>
   <subfield code="c">Zaid Hamzah, Kuok Yew Chen.</subfield>
  </datafield>
  <datafield tag="260" ind1="0" ind2="0">
   <subfield code="a">Subang Jaya: </subfield>
   <subfield code="b">Thompson Reuters Malaysia Sdn. Bhd, </subfield>
   <subfield code="c">2013.</subfield>
  </datafield>
  <datafield tag="300" ind1=" " ind2=" ">
   <subfield code="a">xxii, 295 pages: </subfield>
   <subfield code="b">illustration; </subfield>
   <subfield code="c">26 cm.</subfield>
  </datafield>
  <datafield tag="500" ind1="0" ind2="0">
   <subfield code="a">&quot;Tables of cases&quot;: p. xvii-xix</subfield>
  </datafield>
  <datafield tag="500" ind1="0" ind2="0">
   <subfield code="a">&quot;Tables of statutes&quot;: p. xxi-xxii</subfield>
  </datafield>
  <datafield tag="501" ind1="0" ind2="0">
   <subfield code="a">DLLUK</subfield>
  </datafield>
  <datafield tag="650" ind1="0" ind2="0">
   <subfield code="a">Mass media -- </subfield>
   <subfield code="x">Law and legislation -- </subfield>
   <subfield code="z">Malaysia </subfield>
  </datafield>
  <datafield tag="650" ind1="0" ind2="0">
   <subfield code="a">Performing arts -- </subfield>
   <subfield code="x">Social aspects </subfield>
  </datafield>
  <datafield tag="650" ind1="0" ind2="0">
   <subfield code="a">Mass media and the arts </subfield>
  </datafield>
  <datafield tag="700" ind1="1" ind2="1">
   <subfield code="a">Kuok, Yew Chen </subfield>
  </datafield>
  <datafield tag="901" ind1=" " ind2=" ">
   <subfield code="u">http://www.sweetandmaxwell.com</subfield>
  </datafield>
 </record>
</collection>
